Borders of Argentina-Thanks for the 2k attemps - Statistics

General Stats
  • This quiz has been taken 21 times
  • The average score is 5 of 5
Answer Stats
Km Countries % Correct
1224 Brazil
100%
5150 Chile
100%
1880 Paraguay
93%
832 Bolivia
86%
579 Uruguay
86%
No matching quizzes found
Score Distribution
Percent of People with Each Score
Percentile by Number Answered
Your Score History
You have not taken this quiz